[Event "10. Forchheimer Sparkassen Open"]
[Site "Forchheim"]
[Date "2011.10.07"]
[Round "1.84"]
[White "Schilay, Maria"]
[Black "Schröder, Harald"]
[Result "0-1"]
[WhiteElo "797"]
[BlackElo "1569"]
[PlyCount "108"]
[EventDate "2011.??.??"]
[WhiteTeam "SK Neumarkt e.V."]
[BlackTeam "SC Forchheim e.V."]

1. e4 {[%emt 0:00:00]} e5 2. Nf3 Nc6 3. Bc4 h6 4. Nc3 Nf6 5. d3 Bb4 6. a3 Bxc3+
7. bxc3 O-O 8. O-O d6 9. h3 Be6 10. Bxe6 fxe6 11. d4 Nd7 12. dxe5 Ndxe5 13.
Nxe5 Nxe5 14. Qd2 Qe7 15. Rb1 b6 16. Qe1 Rf3 17. Qe2 Rxc3 18. Bb2 Rc5 19. Bxe5
Rxe5 20. Qf3 Rf8 21. Qb3 Rxe4 22. a4 a5 23. Qd3 Rxa4 24. Qb5 Raf4 25. Qe2 e5
26. f3 Qg5 27. Rf2 Qg3 28. Kh1 Kh8 29. Rb3 e4 30. c4 exf3 31. gxf3 Qxh3+ 32.
Rh2 Qf5 33. Rc3 Rxf3 34. Rc1 Rf1+ 35. Rxf1 Qxf1+ 36. Qxf1 Rxf1+ 37. Kg2 Rf4 38.
Kg3 Rxc4 39. Rh5 a4 40. Rh2 b5 41. Rb2 b4 42. Kf3 Rd4 43. Ke3 c5 44. Ra2 b3 45.
Rb2 d5 46. Rb1 Re4+ 47. Kd3 c4+ 48. Kc3 a3 49. Rf1 a2 50. Kb2 Re2+ 51. Ka1 d4
52. Rf8+ Kh7 53. Rd8 c3 54. Rc8 Re1# 0-1

[Event "10. Forchheimer Sparkassen Open"]
[Site "Forchheim"]
[Date "2011.10.07"]
[Round "1.85"]
[White "Nitzsche, Pia"]
[Black "Tschammer, Kai"]
[Result "1-0"]
[WhiteElo "1565"]
[BlackElo "759"]
[PlyCount "89"]
[EventDate "2011.??.??"]

1. c4 {[%emt 0:00:00]} e5 2. Nc3 Nc6 3. d3 Bb4 4. Bd2 Nf6 5. Nf3 O-O 6. g3 d6
7. Bg2 Bg4 8. O-O Qd7 9. Re1 Bh3 10. Bh1 Nd4 11. a3 Ba5 12. b4 Bb6 13. Na4
Nxf3+ 14. Bxf3 Qf5 15. c5 dxc5 16. bxc5 e4 17. dxe4 Nxe4 18. cxb6 axb6 19. Nc3
Nd6 20. Qb1 Qc5 21. Ne4 Qd4 22. Bc3 Qc4 23. Qb4 Qxb4 24. Bxb4 Rfd8 25. Nxd6
cxd6 26. Red1 Rab8 27. Bxd6 Rbc8 28. Bxb7 Rc3 29. Be5 Rf8 30. Bxc3 h6 31. Rac1
Kh7 32. Be4+ Kg8 33. Bb4 Re8 34. Bf3 Kh7 35. Rc7 Be6 36. Rb7 Bb3 37. Rc1 Be6
38. Rxb6 Rd8 39. Rd6 Rh8 40. Be4+ g6 41. Rc7 Rf8 42. Rxe6 Rh8 43. Bxg6+ Kg7 44.
Bc3+ Kf8 45. Rc8# 1-0

[Event "10. Forchheimer Sparkassen-Open"]
[Site "?"]
[Date "2011.10.08"]
[Round "2.1"]
[White "Karasek Christian"]
[Black "IM Neuman Petr"]
[Result "1/2-1/2"]
[WhiteElo "2044"]
[BlackElo "2463"]
[PlyCount "68"]
[EventDate "2011.??.??"]

1. e4 c6 2. d4 d5 3. e5 Bf5 4. Nf3 e6 5. Be2 Nd7 6. O-O Bg4 7. Be3 Ne7 8. c4
Bxf3 9. Bxf3 dxc4 10. Nd2 Nb6 11. a4 a5 12. Qe2 Ned5 13. Nxc4 Nxc4 14. Qxc4 Nb6
15. Qc2 Be7 16. Be4 Nd5 17. Qe2 Qd7 18. Rac1 O-O 19. Rfd1 f5 20. exf6 Nxf6 21.
Bb1 Bd6 22. Bg5 Rae8 23. Rc3 Nd5 24. Rh3 g6 25. Rh4 e5 26. Qd2 Bb4 27. Qc2 Rf5
28. Bh6 exd4 29. Rhxd4 Qe7 30. g3 Bc5 31. R4d2 Bb4 32. Rd4 Bc5 33. R4d2 Bb4 34.
Rd4 Be1 1/2-1/2

[Event "10. Forchheimer Sparkassen-Open"]
[Site "www.steffanklaus.de/forchheim"]
[Date "2011.10.08"]
[Round "2.3"]
[White "Seidenschwarz Holger"]
[Black "IM Marholev Dimitar"]
[Result "1/2-1/2"]
[WhiteElo "2017"]
[BlackElo "2355"]
[PlyCount "26"]
[EventDate "2011.??.??"]

1. e4 e5 2. Nf3 Nc6 3. Bb5 a6 4. Bxc6 dxc6 5. O-O Qd6 6. Na3 b5 7. c3 c5 8. Nc2
Bb7 9. a4 c6 10. d4 cxd4 11. cxd4 exd4 12. Ncxd4 Ne7 13. Qe2 g6 1/2-1/2

[Event "10. Forchheimer Sparkassen Open"]
[Site "Forchheim"]
[Date "2011.10.08"]
[Round "2.4"]
[White "Mons, Leon"]
[Black "Lechermann, Markus"]
[Result "1-0"]
[WhiteElo "2342"]
[BlackElo "2026"]
[PlyCount "109"]
[EventDate "2011.??.??"]
[WhiteTeam "SC Forchheim e.V."]
[BlackTeam "MTV Ingolstadt"]

1. e4 {[%emt 0:00:00]} c5 2. Nf3 e6 3. c3 d5 4. exd5 Qxd5 5. d4 Nf6 6. Be3 cxd4
7. cxd4 Be7 8. Nc3 Qa5 9. Bd3 O-O 10. O-O Nc6 11. a3 Nd5 12. Qc2 h6 13. Nxd5
Qxd5 14. Be4 Qd6 15. Rad1 Bf6 16. d5 exd5 17. Bc5 Qf4 18. Bh7+ Kh8 19. Bxf8 Bg4
20. Rxd5 Rxf8 21. Qe4 Qxe4 22. Bxe4 Bxb2 23. Rb5 Bxa3 24. Rxb7 Bxf3 25. Bxf3
Ne5 26. Rxa7 Nxf3+ 27. gxf3 Bb2 28. Rb1 Be5 29. Rbb7 Kg8 30. Rd7 Bf6 31. Kg2
Be5 32. h4 Bf6 33. Kh3 Be5 34. h5 Bc3 35. f4 Bb2 36. Kg4 Bf6 37. Kf5 Bb2 38.
Rd2 Bc3 39. Rda2 Bd4 40. Ra8 Bc3 41. f3 Bf6 42. Ke4 Bc3 43. Kd5 Rxa8 44. Rxa8+
Kh7 45. Rf8 f6 46. f5 Bb4 47. Rc8 Ba3 48. Ke6 Bb4 49. Kf7 Bd2 50. Rg8 Bg5 51.
Rxg7+ Kh8 52. Kg6 Be3 53. Rb7 Bc5 54. Rb8+ Bf8 55. Rxf8# 1-0

[Event "10. Forchheimer Sparkassen Open"]
[Site "Forchheim"]
[Date "2011.10.08"]
[Round "2.5"]
[White "Wohlfahrt, Frank"]
[Black "Vuckovic, Aleksandar"]
[Result "0-1"]
[WhiteElo "1995"]
[BlackElo "2293"]
[PlyCount "60"]
[EventDate "2011.??.??"]

1. e4 {[%emt 0:00:00]} c5 2. Nc3 Nc6 3. g3 g6 4. Bg2 Bg7 5. f4 Rb8 6. Nf3 b5 7.
O-O b4 8. Ne2 d6 9. Kh1 Nf6 10. d3 O-O 11. h3 Bd7 12. g4 c4 13. Ng3 cxd3 14.
cxd3 Qa5 15. d4 b3 16. a3 Qa6 17. Be3 Na5 18. Nd2 Bb5 19. Rf2 Bd3 20. f5 Nd7
21. Bf1 Bxf1 22. Qxf1 Qxf1+ 23. Raxf1 Nb6 24. Nf3 Rfc8 25. Bg5 Rb7 26. Be3 Nac4
27. Bf4 Na4 28. g5 Naxb2 29. f6 exf6 30. gxf6 Nd3 0-1

[Event "10. Forchheimer Sparkassen Open"]
[Site "Forchheim"]
[Date "2011.10.08"]
[Round "2.6"]
[White "Golda, Harald"]
[Black "Nehls, Benedikt"]
[Result "1-0"]
[WhiteElo "2278"]
[BlackElo "2012"]
[PlyCount "125"]
[EventDate "2011.??.??"]
[WhiteTeam "Schachklub Schweinfurt 2000 e.V."]
[BlackTeam "SC Erlangen 48/88 e.V."]

1. d4 {[%emt 0:00:00]} Nf6 2. Nf3 e6 3. c4 c5 4. d5 b5 5. dxe6 fxe6 6. cxb5 d5
7. Bg5 Bd6 8. e3 O-O 9. Be2 Bb7 10. Nc3 Nbd7 11. O-O Qe8 12. Bh4 e5 13. Bg3 Qe7
14. e4 d4 15. Bc4+ Kh8 16. Nd5 Nxd5 17. exd5 Nb6 18. Bh4 Qd7 19. Bd3 Nxd5 20.
Re1 Rae8 21. Ng5 Nf6 22. f3 h6 23. Ne4 Nxe4 24. fxe4 Rf7 25. Qe2 Ref8 26. a4
Be7 27. Bxe7 Qxe7 28. Rf1 Bc8 29. Rxf7 Rxf7 30. Bc4 Be6 31. b3 Kg8 32. a5 Qd6
33. Bxe6 Qxe6 34. Qc4 Qxc4 35. bxc4 Rd7 36. Kf2 Kf7 37. Ke2 Ke6 38. Kd3 Rf7 39.
a6 Rf8 40. b6 axb6 41. Rb1 Rf2 42. Rxb6+ Ke7 43. Rg6 Kf7 44. Rc6 Ra2 45. Rxc5
Ra3+ 46. Ke2 Rxa6 47. Rxe5 Ra2+ 48. Kf3 g5 49. Rd5 Ra3+ 50. Kg4 Ra2 51. g3 Rxh2
52. Rxd4 Ke6 53. c5 Ke5 54. Rc4 Ra2 55. c6 Ra8 56. c7 Rc8 57. Kh5 Kf6 58. Rc6+
Ke5 59. Rc4 Kf6 60. Rc5 Kg7 61. Rc6 Kf7 62. Kxh6 g4 63. Kh5 1-0

[Event "10. Forchheimer Sparkassen Open"]
[Site "Forchheim"]
[Date "2011.10.08"]
[Round "2.7"]
[White "Seitz, Hans"]
[Black "Heidrich, Manfred"]
[Result "1/2-1/2"]
[WhiteElo "1977"]
[BlackElo "2254"]
[PlyCount "97"]
[EventDate "2011.??.??"]

1. e4 {[%emt 0:00:00]} c5 2. Nf3 Nf6 3. e5 Nd5 4. d4 cxd4 5. Qxd4 e6 6. Bc4 Nc6
7. Qe4 d6 8. O-O dxe5 9. Nxe5 Nf6 10. Nxc6 Qc7 11. Qe2 bxc6 12. Nd2 Bd6 13. Nf3
Bb7 14. Rd1 O-O 15. Bg5 Nd5 16. Ba6 Bxa6 17. Qxa6 Rfe8 18. Qe2 h6 19. Bd2 Rab8
20. b3 Rbd8 21. c4 Ne7 22. Bc3 c5 23. Rd3 Nc6 24. Rad1 Bf8 25. Ne5 Rxd3 26.
Rxd3 Rd8 27. Nxc6 Rxd3 28. Qxd3 Qxc6 29. h3 Bd6 30. Kf1 Bc7 31. f3 Bd6 32. Qe4
Qxe4 33. fxe4 f5 34. Ke2 Kf7 35. a3 g6 36. b4 cxb4 37. axb4 a6 38. Kd3 h5 39.
b5 axb5 40. cxb5 Ke7 41. Bd4 Kd7 42. Bc3 Kc7 43. Ba5+ Kb7 44. Kc4 Bf4 45. Kd3
Kc8 46. Bb4 Kc7 47. Bc5 Kd7 48. Bb4 Bg3 49. Bc5 1/2-1/2

[Event "10. Forchheimer Sparkassen Open"]
[Site "Forchheim"]
[Date "2011.10.08"]
[Round "2.8"]
[White "Gegenfurtner, Jürgen"]
[Black "Belz, Frank-Martin"]
[Result "1-0"]
[WhiteElo "2252"]
[BlackElo "1981"]
[PlyCount "53"]
[EventDate "2011.??.??"]
[WhiteTeam "TSV Wacker Neutraubling"]
[BlackTeam "SK Freising"]

1. e4 {[%emt 0:00:00]} c6 2. d4 d5 3. exd5 cxd5 4. Bd3 Nc6 5. Nf3 Bg4 6. c3 e6
7. Nbd2 Nf6 8. O-O Be7 9. Re1 O-O 10. Nf1 Bh5 11. Ng3 Bg6 12. Bxg6 hxg6 13. h4
Nh5 14. Nxh5 gxh5 15. Ng5 g6 16. Qd3 Bf6 17. Rxe6 Re8 18. Rxe8+ Qxe8 19. Bd2
Qd7 20. Re1 Ne7 21. g3 Rc8 22. Bf4 a6 23. Be5 Qc6 24. Qf3 Kg7 25. Bxf6+ Qxf6
26. Qxf6+ Kxf6 27. Nh7+ 1-0

[Event "10. Forchheimer Sparkassen Open"]
[Site "Forchheim"]
[Date "2011.10.08"]
[Round "2.9"]
[White "Jacobi, Robin"]
[Black "Holzhäuer, Mathias"]
[Result "0-1"]
[WhiteElo "1967"]
[BlackElo "2242"]
[PlyCount "70"]
[EventDate "2011.??.??"]

1. Nf3 {[%emt 0:00:00]} Nf6 2. g3 Nc6 3. d4 d5 4. Bg2 Bf5 5. Ne5 Nxe5 6. dxe5
Ne4 7. c4 e6 8. Qb3 Nc5 9. Qd1 c6 10. O-O Be7 11. Nc3 O-O 12. Be3 Nd7 13. f4
Nb6 14. cxd5 exd5 15. Bf2 f6 16. e4 dxe4 17. Qb3+ Kh8 18. exf6 Rxf6 19. Rad1
Qc8 20. Nxe4 Rg6 21. Ng5 Bxg5 22. fxg5 Be6 23. Qb4 Rxg5 24. Bc5 Qg8 25. Rd4 Nd7
26. Be7 c5 27. Qd2 cxd4 28. Qxg5 Bxa2 29. Bxb7 Rb8 30. Bc6 Qe6 31. Ba4 h6 32.
Qf4 Qxe7 33. Bxd7 Rd8 34. Qxd4 Rxd7 35. Rf8+ Qxf8 0-1

[Event "10. Forchheimer Sparkassen Open"]
[Site "Forchheim"]
[Date "2011.10.08"]
[Round "2.10"]
[White "Liepold, Stefan"]
[Black "Glawe, Ralf"]
[Result "1-0"]
[WhiteElo "2236"]
[BlackElo "1967"]
[PlyCount "65"]
[EventDate "2011.??.??"]
[WhiteTeam "SC Erlangen 48/88 e.V."]
[BlackTeam "MTV Ingolstadt"]

1. e4 {[%emt 0:00:00]} c5 2. Nf3 e6 3. d4 cxd4 4. Nxd4 a6 5. Bd3 g6 6. Be3 Bg7
7. O-O Qc7 8. Nd2 Nf6 9. c4 d6 10. Rc1 Nbd7 11. h3 b6 12. b4 Bb7 13. N4b3 Ne5
14. Bb1 O-O 15. Qe2 Nc6 16. a3 Rad8 17. Rfe1 Nd7 18. Rc2 Qb8 19. f4 Ne7 20. Rf1
Ba8 21. Bd4 e5 22. Bb2 Nf6 23. f5 Bh6 24. Rc3 Nc6 25. Qf2 a5 26. b5 a4 27. Qh4
Bg7 28. bxc6 axb3 29. Rxb3 Qc7 30. Rbf3 Nh5 31. f6 Bh6 32. Bc1 Bf4 33. g4 1-0

[Event "10. Forchheimer Sparkassen Open"]
[Site "Forchheim"]
[Date "2011.10.08"]
[Round "2.11"]
[White "Wagner, Florian"]
[Black "Steppuhn, Thomas"]
[Result "1-0"]
[WhiteElo "2212"]
[BlackElo "1957"]
[PlyCount "59"]
[EventDate "2011.??.??"]

1. d4 {[%emt 0:00:00]} e6 2. c4 b6 3. Nc3 Bb7 4. Nf3 f5 5. d5 Bb4 6. dxe6 Bxc3+
7. bxc3 Qf6 8. exd7+ Nxd7 9. Qd4 c5 10. Qxf6 Ngxf6 11. Nh4 O-O 12. f3 Rad8 13.
Nxf5 Ne5 14. Bf4 Rfe8 15. Kf2 Nxc4 16. e4 Nd2 17. Ng3 Nfxe4+ 18. Nxe4 Bxe4 19.
Bxd2 Rxd2+ 20. Ke3 Rxa2 21. fxe4 Rxa1 22. Bc4+ Kf8 23. Rxa1 Re7 24. Kf4 a5 25.
Bd5 Ra7 26. Ke5 b5 27. Rf1+ Ke8 28. Bc6+ Ke7 29. Bxb5 a4 30. Bc4 1-0

[Event "10. Forchheimer Sparkassen Open"]
[Site "Forchheim"]
[Date "2011.10.08"]
[Round "2.12"]
[White "Kesik, Klaus-Dieter"]
[Black "Heunemann, Dieter"]
[Result "1-0"]
[WhiteElo "2199"]
[BlackElo "1861"]
[PlyCount "71"]
[EventDate "2011.??.??"]
[WhiteTeam "SC Hoyerswerda"]
[BlackTeam "SV Jenapharm Jena"]

1. d4 {[%emt 0:00:00]} d5 2. Nf3 Nc6 3. g3 Bg4 4. Bg2 e6 5. O-O Bd6 6. c4 Nf6
7. Bg5 O-O 8. cxd5 exd5 9. Nc3 Be6 10. Bxf6 Qxf6 11. e4 Bg4 12. Nxd5 Qe6 13.
Re1 Nb4 14. Nxb4 Bxb4 15. Re3 Ba5 16. Qb3 Bb6 17. Qxe6 fxe6 18. Ne5 Bh5 19. Nd7
Bxd4 20. Nxf8 Bxe3 21. Nxe6 Bb6 22. Nf4 Bf7 23. e5 Re8 24. e6 Bg6 25. Nxg6 hxg6
26. Bxb7 Kf8 27. Re1 Ke7 28. Bc6 Rf8 29. Re2 Rf5 30. Kg2 g5 31. f3 Rc5 32. Ba4
Rc1 33. Bb3 Bc5 34. Re5 Kf6 35. e7 g4 36. Rxc5 1-0

[Event "10. Forchheimer Sparkassen Open"]
[Site "Forchheim"]
[Date "2011.10.08"]
[Round "2.13"]
[White "Klek, Hanna-Marie"]
[Black "Heppert, Lars"]
[Result "1-0"]
[WhiteElo "2160"]
[BlackElo "1833"]
[PlyCount "71"]
[EventDate "2011.??.??"]

1. e4 {[%emt 0:00:00]} c5 2. Nf3 g6 3. d4 cxd4 4. Nxd4 Nc6 5. c4 Nf6 6. Nc3 d6
7. Be2 Nxd4 8. Qxd4 Bg7 9. Be3 O-O 10. Qd2 Ng4 11. Bxg4 Bxg4 12. Rc1 Be6 13. b3
f5 14. exf5 Rxf5 15. O-O Rf8 16. Rfe1 Bf7 17. Bg5 Re8 18. Nd5 Bxd5 19. Qxd5+
Kh8 20. Qxb7 Qa5 21. Bxe7 Qxa2 22. Bxd6 Qd2 23. Bb4 Bc3 24. Bxc3+ Qxc3 25. Qxa8
Qxe1+ 26. Rxe1 Rxa8 27. g3 Rb8 28. Re3 Rd8 29. Rc3 Kg7 30. Kf1 Kf6 31. Ke2 a5
32. h4 h5 33. c5 Rc8 34. Kd3 Ke5 35. Kc4 Rb8 36. Re3+ 1-0

[Event "10. Forchheimer Sparkassen Open"]
[Site "Forchheim"]
[Date "2011.10.08"]
[Round "2.14"]
[White "Luther, Helmut"]
[Black "Miller, Eduard"]
[Result "0-1"]
[WhiteElo "1881"]
[BlackElo "2153"]
[PlyCount "102"]
[EventDate "2011.??.??"]
[WhiteTeam "SW Nürnberg Süd e.V."]
[BlackTeam "SC Forchheim e.V."]

1. d4 {[%emt 0:00:00]} Nf6 2. c4 c5 3. d5 b5 4. a4 b4 5. b3 g6 6. Bb2 Bg7 7.
Nd2 O-O 8. Qc2 d6 9. e4 e6 10. f3 exd5 11. cxd5 Nh5 12. Bxg7 Kxg7 13. O-O-O f5
14. Qb2+ Qf6 15. exf5 gxf5 16. Nc4 Rd8 17. g3 Na6 18. f4 Nc7 19. Bg2 Ba6 20.
Nh3 Bxc4 21. bxc4 Qxb2+ 22. Kxb2 Re8 23. Rhe1 h6 24. Nf2 Nf6 25. h3 h5 26. Bf3
Kf7 27. g4 hxg4 28. hxg4 fxg4 29. Nxg4 Nxg4 30. Bxg4 Kf6 31. Bd7 Rh8 32. Rd2
Rag8 33. Rde2 Rg7 34. Bc6 Rh4 35. Rf1 Kf5 36. Ref2 Re7 37. Rg2 Rxf4 38. Rxf4+
Kxf4 39. Rg6 Ke5 40. Kb3 a5 41. Rh6 Na6 42. Rh5+ Kd4 43. Rh4+ Re4 44. Rxe4+
Kxe4 45. Be8 Nc7 46. Bd7 Na8 47. Bh3 Nb6 48. Bg2+ Kd4 49. Bf1 Nd7 50. Be2 Ne5
51. Bf1 Ng4 0-1

[Event "10. Forchheimer Sparkassen Open"]
[Site "Forchheim"]
[Date "2011.10.08"]
[Round "2.15"]
[White "Adler, Herbert"]
[Black "Krauß, Josef"]
[Result "0-1"]
[WhiteElo "1872"]
[BlackElo "2135"]
[PlyCount "38"]
[EventDate "2011.??.??"]

1. d4 {[%emt 0:00:00]} d5 2. c4 c6 3. Nf3 Nf6 4. Qc2 dxc4 5. Qxc4 Bf5 6. Nc3 e6
7. Bg5 Qb6 8. Na4 Bb4+ 9. Bd2 Bxd2+ 10. Nxd2 Qa5 11. Nc3 O-O 12. b4 Qb6 13. e4
Bg6 14. Bd3 Rd8 15. Nb3 Nbd7 16. Nc5 Qc7 17. Nxd7 Qxd7 18. d5 cxd5 19. exd5
Rac8 0-1

[Event "10. Forchheimer Sparkassen Open"]
[Site "Forchheim"]
[Date "2011.10.08"]
[Round "2.16"]
[White "Martin Fernandez, Rodrigo"]
[Black "Stoll, Stefan"]
[Result "1-0"]
[WhiteElo "2104"]
[BlackElo "1822"]
[PlyCount "59"]
[EventDate "2011.??.??"]
[WhiteTeam "SC Erlangen 48/88 e.V."]
[BlackTeam "SK Mering"]

1. d4 {[%emt 0:00:00]} Nf6 2. c4 g6 3. Nf3 Bg7 4. Nc3 d6 5. g3 O-O 6. Bg2 Nc6
7. O-O a6 8. Bg5 h6 9. Be3 Ng4 10. Bc1 e5 11. d5 Ne7 12. h3 Nf6 13. e4 Nh7 14.
Bd2 f5 15. Qc1 fxe4 16. Nxe4 Bf5 17. Nh4 g5 18. Nxf5 Nxf5 19. Qd1 Qe8 20. Rc1
Nf6 21. Nxf6+ Bxf6 22. Be4 Be7 23. Bc3 Ng7 24. Qd3 Qh5 25. Kg2 g4 26. hxg4 Qxg4
27. f3 Qd7 28. Bd2 Bg5 29. Bxg5 hxg5 30. Bh7+ 1-0

[Event "10. Forchheimer Sparkassen Open"]
[Site "Forchheim"]
[Date "2011.10.08"]
[Round "2.17"]
[White "Müller, Constantin"]
[Black "Walter, Florian"]
[Result "0-1"]
[WhiteElo "1868"]
[BlackElo "2092"]
[PlyCount "42"]
[EventDate "2011.??.??"]

1. Nf3 {[%emt 0:00:00]} g6 2. g3 Bg7 3. Bg2 d6 4. d4 Nf6 5. O-O O-O 6. c4 Nbd7
7. Qc2 e5 8. Rd1 Qe7 9. Nc3 c6 10. b3 a5 11. Ba3 exd4 12. Nxd4 Nc5 13. Bb2 Re8
14. f3 Qe3+ 15. Kh1 Nh5 16. Qd2 Qf2 17. e4 Bxd4 18. Ne2 Bxb2 19. Rf1 Bc3 20.
Qxc3 Qxe2 21. Rfd1 Qf2 0-1

[Event "10. Forchheimer Sparkassen Open"]
[Site "Forchheim"]
[Date "2011.10.08"]
[Round "2.18"]
[White "Körber, Thomas"]
[Black "Scherer, Holger"]
[Result "1/2-1/2"]
[WhiteElo "1783"]
[BlackElo "2070"]
[PlyCount "159"]
[EventDate "2011.??.??"]
[WhiteTeam "SF Fürth 1951 e.V."]
[BlackTeam "SK Lauffen"]

1. Nf3 {[%emt 0:00:00]} Nf6 2. d4 g6 3. g3 Bg7 4. Bg2 O-O 5. O-O d6 6. c4 Nbd7
7. Nc3 c5 8. b3 a6 9. Bb2 Rb8 10. e4 Ne8 11. Qd2 Nc7 12. a4 b6 13. d5 b5 14.
axb5 axb5 15. Rfb1 bxc4 16. bxc4 Ba6 17. Bf1 Rb4 18. Ba3 Rxb1 19. Rxb1 Qa8 20.
Rb3 Rb8 21. Qb2 Rxb3 22. Qxb3 Ne8 23. Bb2 Nef6 24. Bd3 Ng4 25. Nb1 Bxb2 26.
Qxb2 Nge5 27. Nxe5 Nxe5 28. Qc3 Qb7 29. Nd2 g5 30. Be2 Qb6 31. Kg2 g4 32. h3
gxh3+ 33. Kxh3 Bc8+ 34. Kg2 Qb7 35. Qe3 Qb2 36. Nf3 Ng6 37. Qd2 Qb3 38. Qd3 Qa2
39. Qd2 Qa1 40. Qh6 f6 41. Qe3 Bg4 42. Nd2 Bxe2 43. Qxe2 Qe5 44. Qe3 Kg7 45.
Nf3 Qb2 46. Qd2 Qb1 47. Qe2 Qc1 48. Kh2 Qh6+ 49. Kg2 Qh5 50. Qe3 Qg4 51. Kh2 h5
52. Qd3 h4 53. Nxh4 Nxh4 54. gxh4 Qxh4+ 55. Kg2 Kf7 56. Qe2 Ke8 57. Qc2 Qg4+
58. Kf1 Qf3 59. Qa4+ Kf8 60. Qc2 e6 61. Kg1 exd5 62. exd5 f5 63. Qc1 Kg7 64.
Qg5+ Kf7 65. Qd8 Qf4 66. Qd7+ Kf6 67. Qe6+ Kg5 68. Qg8+ Kh4 69. Qh7+ Kg4 70.
Qg7+ Kf3 71. Qc3+ Ke2 72. Qc2+ Ke1 73. Qc3+ Qd2 74. Qf3 Qg5+ 75. Kh2 Qh4+ 76.
Kg2 Qxc4 77. Qxf5 Qf1+ 78. Kg3 Qg1+ 79. Kh3 Qh1+ 80. Kg3 1/2-1/2

[Event "10. Forchheimer Sparkassen Open"]
[Site "Forchheim"]
[Date "2011.10.08"]
[Round "2.19"]
[White "Justi, Fabian"]
[Black "Andraschko, Felix"]
[Result "0-1"]
[WhiteElo "1737"]
[BlackElo "2057"]
[PlyCount "90"]
[EventDate "2011.??.??"]

1. e4 {[%emt 0:00:00]} c5 2. g3 Nc6 3. Bg2 g6 4. d3 Bg7 5. f4 d6 6. Nf3 e6 7.
O-O Nge7 8. g4 h5 9. f5 hxg4 10. fxg6 gxf3 11. gxf7+ Kf8 12. Rxf3 Be5 13. Rh3
Rxh3 14. Bxh3 Kxf7 15. Qf3+ Kg7 16. Na3 Ng6 17. Nc4 Qf6 18. Qg2 Nd4 19. Nxe5
dxe5 20. Bg4 Nf4 21. Bxf4 exf4 22. c3 Nc6 23. Bxe6+ Qg6 24. Bd5 Bh3 25. Qxg6+
Kxg6 26. Kf2 Rf8 27. Rd1 Ne5 28. Rd2 b6 29. d4 Ng4+ 30. Kf3 cxd4 31. cxd4 Ne3
32. Bc6 Bg4+ 33. Kf2 Rh8 34. Kg1 Rc8 35. d5 Nc4 36. Rc2 Ne5 37. Ba4 Rxc2 38.
Bxc2 Nf3+ 39. Kh1 Kf6 40. Ba4 Ke5 41. Kg2 Ng5 42. Be8 Nxe4 43. h3 f3+ 44. Kh2
f2 45. Bb5 Bd7 0-1

[Event "10. Forchheimer Sparkassen Open"]
[Site "Forchheim"]
[Date "2011.10.08"]
[Round "2.20"]
[White "Lodes, Hermann"]
[Black "Kölbl, Wolfgang"]
[Result "1/2-1/2"]
[WhiteElo "2040"]
[BlackElo "1812"]
[PlyCount "75"]
[EventDate "2011.??.??"]
[BlackTeam "SK Klosterlechfeld"]

1. e4 {[%emt 0:00:00]} c6 2. d4 d6 3. Nc3 Qc7 4. f4 e5 5. a4 Nd7 6. Nf3 Ngf6 7.
Bc4 Be7 8. O-O exd4 9. Nxd4 O-O 10. Kh1 Re8 11. Nf3 h6 12. Be3 Bf8 13. Qd3 Nb6
14. Bb3 Be6 15. a5 Nbd7 16. Bxe6 Rxe6 17. Nd4 Ree8 18. Nf5 Nc5 19. Bxc5 dxc5
20. e5 Nd5 21. Nxd5 cxd5 22. Qxd5 Rad8 23. Qf3 Rd2 24. Rf2 Red8 25. h3 c4 26.
a6 bxa6 27. Raf1 Qb6 28. Rxd2 Rxd2 29. Qc3 Bb4 30. Qg3 Bf8 31. Ne3 Qc6 32. Qf3
Qc5 33. Rd1 c3 34. b3 Qd4 35. Rf1 g6 36. Kh2 Bc5 37. Re1 Qd8 38. Ng4 1/2-1/2

[Event "10. Forchheimer Sparkassen Open"]
[Site "Forchheim"]
[Date "2011.10.08"]
[Round "2.21"]
[White "Ott, Florian"]
[Black "Hohner, Karl-Heinz"]
[Result "1-0"]
[WhiteElo "1974"]
[BlackElo "1780"]
[PlyCount "67"]
[EventDate "2011.??.??"]

1. d4 {[%emt 0:00:00]} d5 2. c4 c6 3. Nf3 Nf6 4. Nc3 e6 5. Bg5 Be7 6. cxd5 exd5
7. Qc2 O-O 8. e3 h6 9. Bf4 Nbd7 10. Bd3 Re8 11. h3 b5 12. O-O Bb7 13. Rac1 Rc8
14. Qb1 b4 15. Ne2 Qb6 16. Ng3 Bf8 17. Nf5 c5 18. g4 c4 19. Bc2 Ne4 20. Kh2 Qf6
21. Rg1 g6 22. Be5 Nxe5 23. dxe5 Qb6 24. N5d4 Bg7 25. Rcd1 Bxe5+ 26. Nxe5 Rxe5
27. f3 Nc5 28. Rge1 Rce8 29. Qc1 a5 30. Bb1 R5e7 31. Kg2 Ba6 32. Qd2 Bb7 33. h4
Ne6 34. Kf2 1-0

[Event "10. Forchheimer Sparkassen Open"]
[Site "Forchheim"]
[Date "2011.10.08"]
[Round "2.22"]
[White "Ruff, Maximilian"]
[Black "Nigmatulin, Anatolij"]
[Result "1/2-1/2"]
[WhiteElo "1949"]
[BlackElo "1996"]
[PlyCount "34"]
[EventDate "2011.??.??"]
[WhiteTeam "SC Brandeck-Turm Ohlsbach e.V."]
[BlackTeam "SC 1868 Bamberg"]

1. e4 {[%emt 0:00:00]} e6 2. d4 d5 3. e5 c5 4. c3 Qb6 5. Nf3 Nc6 6. Be2 cxd4 7.
cxd4 Nh6 8. b3 Bb4+ 9. Kf1 Nf5 10. Bb2 Bd7 11. g4 Nh6 12. Rg1 Na5 13. a3 Be7
14. b4 Nc4 15. Bc1 Ng8 16. Nc3 Qa6 17. Bg5 b5 1/2-1/2

[Event "10. Forchheimer Sparkassen Open"]
[Site "Forchheim"]
[Date "2011.10.08"]
[Round "2.23"]
[White "Wissel, Daniel"]
[Black "Diller, Peter"]
[Result "1-0"]
[WhiteElo "1762"]
[BlackElo "1949"]
[PlyCount "63"]
[EventDate "2011.??.??"]

1. e4 {[%emt 0:00:00]} e6 2. d4 d5 3. exd5 exd5 4. c4 Nf6 5. Nc3 Nc6 6. Nf3 Bg4
7. Bg5 dxc4 8. Bxc4 Bxf3 9. Qxf3 Be7 10. Bb5 Qd6 11. Bf4 Qe6+ 12. Kf1 O-O-O 13.
Re1 Qd7 14. d5 Nxd5 15. Nxd5 Qxd5 16. Qxd5 Rxd5 17. Bxc6 bxc6 18. Rxe7 Rd1+ 19.
Re1 Rd4 20. g3 f6 21. Re7 Rd7 22. Rxd7 Kxd7 23. Ke2 c5 24. Rc1 Rb8 25. b3 Rb5
26. Be3 Kc6 27. Rc4 Kd6 28. Rg4 g5 29. Ra4 Rb7 30. Ra5 c4 31. bxc4 Rb2+ 32. Kd3
1-0

[Event "10. Forchheimer Sparkassen Open"]
[Site "Forchheim"]
[Date "2011.10.08"]
[Round "2.24"]
[White "Löw, Gerald"]
[Black "Walter, Manfred"]
[Result "1-0"]
[WhiteElo "2215"]
[BlackElo "1736"]
[PlyCount "85"]
[EventDate "2011.??.??"]
[WhiteTeam "TSV Bindlach Aktionär-Schachabte"]
[BlackTeam "SV Lauf a.d.P."]

1. c4 {[%emt 0:00:00]} d6 2. g3 e5 3. Bg2 f5 4. Nc3 Nf6 5. d3 Be7 6. e4 Nc6 7.
Nge2 O-O 8. O-O fxe4 9. dxe4 Qe8 10. Nd5 Bd8 11. f3 Qh5 12. Be3 g5 13. Qd2 h6
14. b4 Be6 15. Rac1 Ne7 16. Nec3 Qf7 17. Rfd1 Nd7 18. Nb5 Nb6 19. Bxb6 axb6 20.
Ndxc7 Bxc7 21. Nxc7 Rad8 22. Nd5 b5 23. cxb5 Bxd5 24. exd5 Nf5 25. Bh3 Nd4 26.
Qxd4 exd4 27. Be6 Kg7 28. Bxf7 Rxf7 29. Rd3 Re8 30. Kf2 Rfe7 31. Rc2 Re1 32.
Rxd4 Rh1 33. Kg2 Ree1 34. a4 Kg6 35. Re4 Reg1+ 36. Kh3 h5 37. Rc7 Kf5 38. Rf7+
Kg6 39. Rxb7 Kf5 40. Rf7+ Kg6 41. Rfe7 Kf5 42. g4+ hxg4+ 43. fxg4+ 1-0

[Event "10. Forchheimer Sparkassen Open"]
[Site "Forchheim"]
[Date "2011.10.08"]
[Round "2.25"]
[White "Wettermann, Bernd"]
[Black "Heimrath, Reiner"]
[Result "0-1"]
[WhiteElo "1753"]
[BlackElo "2201"]
[PlyCount "70"]
[EventDate "2011.??.??"]

1. e4 {[%emt 0:00:00]} g6 2. d4 Bg7 3. f4 d6 4. Nf3 Nf6 5. Nc3 c5 6. Be3 Qa5 7.
Bb5+ Bd7 8. Bxd7+ Nbxd7 9. O-O Ng4 10. Bd2 cxd4 11. Nd5 Qd8 12. c3 dxc3 13.
Nxc3 Qb6+ 14. Kh1 Nf2+ 15. Rxf2 Qxf2 16. Nd5 Rc8 17. Qb3 b6 18. e5 e6 19. Nc3
d5 20. Nb5 O-O 21. Nbd4 Nc5 22. Qa3 b5 23. Bb4 Na4 24. Nxb5 Rc2 25. Rg1 Nxb2
26. Nbd4 Nc4 27. Qxa7 Rxa2 28. Qc7 Rfa8 29. Ng5 R2a7 30. Qc5 Ra1 31. Ngf3 Bf8
32. Qb5 Rxg1+ 33. Nxg1 Ne3 34. Qe2 Qxe2 35. Ngxe2 Bxb4 0-1